000
00256nam a22001097a 4500
020
_a
0-09-133841-7
082
_a
629.2 HIL'M
100
_a
HILLIER, V. A. M
_9
74245
245
_a
MOTOR VEHICLE BASIC PRINCIPLES
260
_a
LONDON
_b
ELBS
_c
1976
942
_c
BK
999
_c
579802
_d
579802